1464 1296 1448 1750 1286 1394 1515 1005 1967 1130 1872 1730 1008 1111 1434 1759 1088 1218 1914 1968 1577 1766 1281 1517 1713 1570 1004 1159 1310 1139 1609 1643 1954 1233 1828 1068 1563 1497 1604 1091 1661 1903 1961 1678 1332 1015 1716 1639 1519 1537 1073 1752 1438 1479 1261 1360 1232 1587 1323 1463 1082 1597 1136 1467 1108 1001 1609 1817 1001 1090 1867 1184 1713 1291 1037 1692 1233 1919 1525 1023 1389 1814 1778 1046 1927 1041 1587 1892 1999 1336 1939 1155 1316 1540 1459 1474 1588 1848 1919 BCNSPRNW ULIB Ver.6.0+V

เปลี่ยนเป็นภาษาไทย

Change to English
 แสดงรายละเอียดบรรณานุกรม
  กลับหน้าหลัก

Brief Record : Get Marc (ISO 2709) : E-mail record : QR code < ปิดหน้าต่าง
LEADER : 00000nam 2200000uu 4500
001    13399110143
003     ULIB
008    110422s2552||||th 000 0 tha d
024    9786117024061
090    นว^bว485ซ 2552
100 0  วารีสีคราม
245    ซัมมอร์รัก...พักหัวใจนายไฮโซ^cวารีสีคราม
260    กรุงเทพฯ:^bHappy book,^c2552
300    176 หน้า
945    ^p79^l0^i029996
995    เกษร
999     ^aใช้งานได้ทุกระบบ
รายการนี้ยังไม่มีแท็ก
คุณยังไม่ได้ล็อกอิน คุณสามารถมีกิจกรรมร่วมกับเว็บไซต์ได้ แต่ต้องล็อกอินก่อน ::
  ล็อกอิน

รายการสื่อสารสนเทศ

ลำดับที่ ประเภท เลขเรียก/บาร์โค้ด สถานที่ สถานะ
1. นวนิยาย
นวนิยาย
นว ว485ซ 2552  
  Barcode: 029996
ห้องสมุดวิทยาเขตสวรรค์ประชารักษ์
►นวนิยาย
บนชั้น
  ขอยืม

BibComment


ยังไม่เคยถูกคอมเมนท์

คอมเมนท์ทรัพยากรรายการนี้
  คอมเมนท์: ซัมมอร์รักพักหัวใ..


 Copyright 2026. Bcnsprnw @Library